Crítica de la razón árabe (Record no. 82172)

MARC details
000 -LEADER
campo de control de longitud fija 00914nam a2200265 i 4500
001 - NÚMERO DE CONTROL
campo de control 82172
003 - IDENTIFICADOR DE NÚMERO DE CONTROL
campo de control ES-MaACL
005 - FECHA Y HORA DE LA ÚLTIMA TRANSACCIÓN
campo de control 20230906174623.0
007 - CAMPO FIJO DE DESCRIPCIÓN FÍSICA--INFORMACIÓN GENERAL
campo de control de longitud fija t|
008 - DATOS DE LONGITUD FIJA--INFORMACIÓN GENERAL
campo de control de longitud fija 041129s2001 sp ||||1| spa d
020 ## - NÚMERO INTERNACIONAL ESTÁNDAR DEL LIBRO
Número Internacional Estándar del Libro 84-7426-558-4
080 ## - NÚMERO DE LA CLASIFICACIÓN DECIMAL UNIVERSAL
Número de la Clasificación Decimal Universal 1(=411.21)"19"
100 1# - ENTRADA PRINCIPAL--NOMBRE DE PERSONA
Nombre de persona Al-Jabiri, Muhammad 'Abid.
9 (RLIN) 19051
245 10 - MENCIÓN DEL TÍTULO
Título Crítica de la razón árabe
Resto del título : nueva visión sobre el legado filosófico andalusí /
Mención de responsabilidad, etc. Mohammed Abed al-Yabri ; traducción y presentación Ahmed Mahfoud ; prefacio Pedro Martínez Montávez.
250 ## - MENCION DE EDICION
Mención de edición 1ª ed.
260 ## - PUBLICACIÓN, DISTRIBUCIÓN, ETC.
Lugar de publicación, distribución, etc. Barcelona :
Nombre del editor, distribuidor, etc. Icaria,
Fecha de publicación, distribución, etc. 2001.
300 ## - DESCRIPCIÓN FÍSICA
Extensión 166 p. ;
Dimensiones 22 cm.
490 1# - MENCIÓN DE SERIE
Mención de serie Icaria antrazit ;
Designación de volumen o secuencia 175
650 14 - PUNTO DE ACCESO ADICIONAL DE MATERIA--TÉRMINO DE MATERIA
Término de materia o nombre geográfico como elemento de entrada Filosofía árabe-
Subdivisión cronológica S.XX.
9 (RLIN) 12833
700 1# - ENTRADA AGREGADA--NOMBRE PERSONAL
Nombre de persona Mahfuz, Naguib.
9 (RLIN) 75531
700 1# - ENTRADA AGREGADA--NOMBRE PERSONAL
Nombre de persona Martínez Montávez, Pedro.
9 (RLIN) 78252
830 0# - PUNTO DE ACCESO ADICIONAL DE SERIE-TÍTULO UNIFORME
Título uniforme Icaria antrazit ;
Designación de volumen o secuencia 175
9 (RLIN) 178643
852 ## - LOCALIZACIÓN
Ubicación ES-MaACL
Número de control de estantería E-10499
Sublocalización o colección R.134657
Holdings
Estatus retirado Estado de pérdida Estado de daño No para préstamo Biblioteca de origen Biblioteca actual Ubicación en estantería Fecha de adquisición Fuente de adquisición Total de préstamos Signatura topográfica completa Código de barras Visto por última vez Precio de reemplazo Tipo de ítem Koha
        Biblioteca del Ateneo de Madrid Biblioteca del Ateneo de Madrid Depósito 2 17/01/2008     E-10499 1085883 23/02/2023 23/02/2023 Libro impreso